000 00288nam a22001217a 4500
008 230621b xxu||||| |||| 00| 0 eng d
082 _a328.1
_bWIS
100 _cMadison Wisconsin
245 _aWisconsin Assembly
_bManual on Committee
260 _c1993
300 _a49p
942 _2ddc
_cBK
999 _c2132
_d2132